[Event "St Petersburg Korchnoi Memorial op"]
[Site "St Petersburg"]
[Date "2024.08.20"]
[Round "6"]
[White "Borisovsky, Dmitry"]
[Black "Golubov, Saveliy"]
[Result "0-1"]
[WhiteElo "2110"]
[BlackElo "2484"]
[PlyCount "82"]
[EventDate "2024.08.17"]
[EventType "swiss"]
[EventRounds "9"]
[EventCountry "RUS"]
[SourceTitle "CBM 221 Extra"]
[Source "ChessBase"]
[SourceDate "2024.09.30"]
[SourceVersion "1"]
[SourceVersionDate "2024.09.30"]
[SourceQuality "1"]

1. e4 g6 2. d4 Bg7 3. Nc3 d6 4. Be3 c6 5. f4 Nf6 6. Nf3 0-0 7. Qd2 b5 8. a3 Nbd7 9. Bd3 e5 10. 0-0 Ng4 11. fxe5 dxe5 12. d5 Nxe3 13. Qxe3 cxd5 14. Nxd5 a6 15. c4 bxc4 16. Bxc4 h6 17. Rad1 Kh7 18. Kh1 f5 19. b4 Bb7 20. Nc3 Qe7 21. Bd5 Rab8 22. Bxb7 Rxb7 23. Nd5 Qe6 24. Nd2 Nf6 25. Nxf6+ Rxf6 26. Nb3 Rbf7 27. Nc5 Qe8 28. Rfe1 Qc6 29. exf5 Rxf5 30. Qe4 Qb5 31. h3 a5 32. Ne6 axb4 33. axb4 Bf6 34. Kh2 Qb6 35. Nc5 Bg5 36. Rd7 Rxd7 37. Nxd7 Qf2 38. Nc5 Bf4+ 39. Kh1 Qg3 40. Qb7+ Kg8 41. Qd5+ Rf7 0-1

[Event "St Petersburg Korchnoi Memorial op"]
[Site "St Petersburg"]
[Date "2024.08.20"]
[Round "7"]
[White "Mulishov, Roman"]
[Black "Borisovsky, Dmitry"]
[Result "0-1"]
[WhiteElo "1847"]
[BlackElo "2110"]
[PlyCount "84"]
[EventDate "2024.08.17"]
[EventType "swiss"]
[EventRounds "9"]
[EventCountry "RUS"]
[SourceTitle "EXT 2025"]
[Source "ChessBase"]
[SourceDate "2024.10.14"]
[SourceVersion "1"]
[SourceVersionDate "2024.10.14"]
[SourceQuality "1"]

1. e4 c5 2. Nf3 d6 3. d4 cxd4 4. Nxd4 Nf6 5. Nc3 Nc6 6. Bg5 e6 7. Qd2 a6 8. 0-0-0 Bd7 9. f4 Be7 10. Nf3 b5 11. Bxf6 gxf6 12. f5 Qb6 13. g4 0-0-0 14. Be2 Ne5 15. Qd4 Kb7 16. Qxb6+ Kxb6 17. Nd4 b4 18. Nb1 Bf8 19. Nd2 Bh6 20. Kb1 Rc8 21. h3 Be3 22. N2f3 Rhd8 23. Rhe1 Bh6 24. Rg1 Nc4 25. Bxc4 Rxc4 26. b3 Rc3 27. Rd3 Rxd3 28. cxd3 e5 29. Nc2 a5 30. h4 Bf4 31. g5 Bb5 32. Nce1 fxg5 33. hxg5 d5 34. g6 hxg6 35. fxg6 dxe4 36. dxe4 fxg6 37. Rxg6+ Bc6 38. Re6 Kc5 39. Nxe5 Bxe4+ 40. N1d3+ Bxd3+ 41. Nxd3+ Rxd3 42. Rf6 Bc7 0-1

[Event "Chigorin Memorial 28th"]
[Site "St Petersburg"]
[Date "2021.10.26"]
[Round "4"]
[White "Andrijashkin, Deniss"]
[Black "Borisovsky, Dmitry"]
[Result "0-1"]
[WhiteElo "2095"]
[BlackElo "2265"]
[PlyCount "88"]
[EventDate "2021.10.23"]
[EventType "swiss"]
[EventRounds "9"]
[EventCountry "RUS"]
[SourceTitle "EXT 2023"]
[Source "ChessBase"]
[SourceDate "2022.10.05"]
[SourceVersion "1"]
[SourceVersionDate "2022.10.05"]
[SourceQuality "1"]

1. e4 c5 2. Nf3 e6 3. b3 d6 4. Bb2 Nf6 5. d3 Be7 6. g3 0-0 7. Bg2 Nc6 8. 0-0 e5 9. Nbd2 Ne8 10. Ne1 Be6 11. Nc4 Nc7 12. f4 f6 13. Nf3 exf4 14. gxf4 d5 15. Ncd2 Qd7 16. Qe2 Bf7 17. Nh4 dxe4 18. dxe4 Nd4 19. Qd3 Rfd8 20. Ndf3 Qg4 21. Nxd4 Qxh4 22. Nf5 Rxd3 23. Nxh4 Rd2 24. Rac1 Ne6 25. Nf5 Bf8 26. Bc3 Rdd8 27. e5 g6 28. Ng3 f5 29. Bxb7 Rab8 30. Bg2 Nd4 31. Kf2 c4 32. Ne2 Nb5 33. Ba5 Rdc8 34. Bd2 Ba3 35. Ra1 cxb3 36. cxb3 Rc2 37. Bc1 Bc5+ 38. Be3 Nc3 39. Bxc5 Nxe2 40. Ke3 Rxc5 41. Rfd1 Nc3 42. Rd7 a5 43. Rc1 Rbc8 44. Kd3 Ne4 0-1

[Event "Chigorin Memorial 28th"]
[Site "St Petersburg"]
[Date "2021.10.24"]
[Round "2"]
[White "Pogorelskikh, Sofia"]
[Black "Borisovsky, Dmitry"]
[Result "1/2-1/2"]
[WhiteElo "2051"]
[BlackElo "2265"]
[PlyCount "81"]
[EventDate "2021.10.23"]
[EventType "swiss"]
[EventRounds "9"]
[EventCountry "RUS"]
[SourceTitle "EXT 2023"]
[Source "ChessBase"]
[SourceDate "2022.10.05"]
[SourceVersion "1"]
[SourceVersionDate "2022.10.05"]
[SourceQuality "1"]

1. e4 e5 2. Nf3 Nc6 3. Bb5 a6 4. Ba4 Nf6 5. 0-0 Be7 6. Re1 b5 7. Bb3 0-0 8. a4 Bb7 9. d3 d6 10. c3 Na5 11. Bc2 c5 12. d4 Qc7 13. d5 b4 14. Nbd2 bxc3 15. bxc3 c4 16. Ba3 Nd7 17. Rb1 Rab8 18. Qe2 Rfc8 19. Rb4 Ba8 20. Reb1 Nb6 21. h3 f5 22. exf5 Nxd5 23. Rxb8 Rxb8 24. Rxb8+ Qxb8 25. Nxc4 Nf4 26. Qf1 Bxf3 27. gxf3 Nxc4 28. Qxc4+ d5 29. Qa2 Bxa3 30. Qxa3 Qd8 31. Qc5 Qg5+ 32. Kf1 Qg2+ 33. Ke1 Qxf3 34. Qc8+ Kf7 35. Qd7+ Kf8 36. Qd8+ Kf7 37. Qd7+ Kf8 38. Qd8+ Kf7 39. Qd7+ Kf8 40. Qd8+ Kf7 41. Qd7+ 1/2-1/2

[Event "Chigorin Memorial 28th"]
[Site "St Petersburg"]
[Date "2021.10.23"]
[Round "1"]
[White "Borisovsky, Dmitry"]
[Black "Badalian, Tigran"]
[Result "1-0"]
[WhiteElo "2265"]
[BlackElo "1730"]
[PlyCount "59"]
[EventDate "2021.10.23"]
[EventType "swiss"]
[EventRounds "9"]
[EventCountry "RUS"]
[SourceTitle "EXT 2023"]
[Source "ChessBase"]
[SourceDate "2022.10.05"]
[SourceVersion "1"]
[SourceVersionDate "2022.10.05"]
[SourceQuality "1"]

1. e4 e6 2. d4 d5 3. e5 c5 4. c3 Nc6 5. Nf3 cxd4 6. cxd4 Bb4+ 7. Nc3 a6 8. Bd3 h6 9. 0-0 Nge7 10. a3 Ba5 11. b4 Bb6 12. Na4 Nxd4 13. Nxb6 Nxf3+ 14. Qxf3 Qxb6 15. Qg4 g6 16. Be3 Qc7 17. Bc5 Nf5 18. Bxf5 exf5 19. Qd4 Be6 20. Bd6 Qc4 21. Qd2 Rc8 22. Rfc1 Qe4 23. f3 Rxc1+ 24. Rxc1 Qh4 25. Rc7 b5 26. Qc3 Bd7 27. e6 d4 28. Rc8+ Bxc8 29. Qxc8+ Qd8 30. Qc6+ 1-0

[Event "St Petersburg-ch sf"]
[Site "St Petersburg"]
[Date "2021.02.25"]
[Round "4"]
[White "Putrenko, Kirill"]
[Black "Borisovsky, Dmitry"]
[Result "1/2-1/2"]
[WhiteElo "2114"]
[BlackElo "2348"]
[PlyCount "82"]
[EventDate "2021.02.22"]
[EventType "swiss"]
[EventRounds "9"]
[EventCountry "RUS"]
[SourceTitle "EXT 2022"]
[Source "ChessBase"]
[SourceDate "2021.10.06"]
[SourceVersion "1"]
[SourceVersionDate "2021.10.06"]
[SourceQuality "1"]

1. d4 Nf6 2. c4 g6 3. Nc3 d5 4. cxd5 Nxd5 5. Bd2 Bg7 6. e4 Nxc3 7. Bxc3 Nc6 8. Bb5 0-0 9. Ne2 Qd6 10. Qd2 Rd8 11. Rd1 a5 12. h4 e5 13. d5 Qc5 14. a4 Nb4 15. Rc1 Qd6 16. Bxb4 axb4 17. Qe3 Bd7 18. Bxd7 Rxd7 19. b3 f5 20. 0-0 Rf8 21. f3 Bf6 22. h5 Be7 23. Rfd1 Qf6 24. hxg6 hxg6 25. g3 Bd6 26. Kg2 Rdf7 27. Rf1 f4 28. gxf4 exf4 29. Qd4 Qg5+ 30. Kf2 Be5 31. Qxb4 Qh4+ 32. Kg2 Qg5+ 33. Kf2 Qh4+ 34. Kg2 Qg5+ 35. Kf2 Bd6 36. Qc3 Qh4+ 37. Kg2 Qg5+ 38. Kf2 Qh4+ 39. Kg2 Qg5+ 40. Kf2 Be5 41. Qc4 Qh4+ 1/2-1/2

[Event "St Petersburg-ch sf"]
[Site "St Petersburg"]
[Date "2021.02.22"]
[Round "1"]
[White "Borisovsky, Dmitry"]
[Black "Savinov, Leonid"]
[Result "1-0"]
[WhiteElo "2348"]
[BlackElo "2057"]
[PlyCount "179"]
[EventDate "2021.02.22"]
[EventType "swiss"]
[EventRounds "9"]
[EventCountry "RUS"]
[SourceTitle "EXT 2022"]
[Source "ChessBase"]
[SourceDate "2021.10.06"]
[SourceVersion "1"]
[SourceVersionDate "2021.10.06"]
[SourceQuality "1"]

1. e4 c6 2. Nf3 d5 3. Nc3 dxe4 4. Nxe4 Nf6 5. Nxf6+ exf6 6. Bc4 Bd6 7. Qe2+ Be7 8. 0-0 0-0 9. Re1 Bd6 10. h3 Nd7 11. d4 Nb6 12. Bd3 Be6 13. c4 Bc7 14. b3 Re8 15. Bb2 Qd7 16. Qf1 a5 17. Rad1 Rad8 18. d5 cxd5 19. c5 Nc8 20. Bb5 Qe7 21. Bxe8 Qxe8 22. Nd4 Qd7 23. Qe2 Re8 24. Qb5 Rd8 25. a4 Na7 26. Qe2 Re8 27. Qh5 Nc6 28. Nxe6 Rxe6 29. Kf1 Be5 30. Bc1 g6 31. Qf3 d4 32. Bd2 Kg7 33. Qd3 Bb8 34. Qb5 Qc7 35. f4 Qd7 36. Qc4 Rxe1+ 37. Rxe1 Qf5 38. g4 Qd7 39. Ke2 g5 40. fxg5 Ne5 41. gxf6+ Kg6 42. Qb5 Qd5 43. Kd1 Qf3+ 44. Kc2 d3+ 45. Kc1 Qd5 46. c6 Qd4 47. Kb1 b6 48. c7 Bxc7 49. Qe8 Kxf6 50. Qh8+ Ke7 51. Qxh7 Qf2 52. Rd1 Bd6 53. Qe4 Kf8 54. Qe3 Qh2 55. Qxb6 Ke7 56. Qb7+ Ke6 57. Qc8+ Kd5 58. Qa8+ Ke6 59. Qh1 Qe2 60. Qe1 Nf3 61. Bxa5 Nxe1 62. Rxe1 Bg3 63. Rxe2+ dxe2 64. Kc2 e1Q 65. Bxe1 Bxe1 66. Kd3 Kd5 67. Ke3 Kc5 68. Ke4 Kd6 69. Kf5 Ke7 70. Ke5 Bg3+ 71. Kf5 Be1 72. g5 Kf8 73. Kg4 Kg7 74. Kf5 Kf8 75. Kf6 Bc3+ 76. Kf5 Be1 77. Kg4 Kg7 78. h4 f6 79. h5 fxg5 80. Kxg5 Bd2+ 81. Kf5 Kh6 82. Ke4 Kxh5 83. Kd3 Be1 84. Kc4 Kg6 85. Kb5 Kf7 86. a5 Ke8 87. a6 Bf2 88. Kc6 Kd8 89. Kb7 Kd7 90. b4 1-0

[Event "St Petersburg Korchnoi Memorial op"]
[Site "St Petersburg"]
[Date "2019.08.21"]
[Round "8"]
[White "Yeletsky, Ivan"]
[Black "Borisovsky, Dmitry"]
[Result "1/2-1/2"]
[WhiteElo "2447"]
[BlackElo "2326"]
[PlyCount "100"]
[EventDate "2019.08.14"]
[EventType "swiss"]
[EventRounds "9"]
[EventCountry "RUS"]
[SourceTitle "CBM 192"]
[Source "ChessBase"]
[SourceDate "2019.10.31"]
[SourceVersion "1"]
[SourceVersionDate "2019.10.31"]
[SourceQuality "1"]

1. e4 c5 2. Nf3 d6 3. d4 cxd4 4. Nxd4 Nf6 5. Nc3 Nc6 6. Bg5 e6 7. Qd2 a6 8. 0-0-0 h6 9. Nxc6 bxc6 10. Bf4 d5 11. Qe3 Bb4 12. a3 Ba5 13. f3 Bb6 14. Qd2 Bc7 15. Bxc7 Qxc7 16. Be2 Bb7 17. Na4 0-0 18. Nc5 Rfd8 19. g3 a5 20. Qe3 Nd7 21. Nxd7 Rxd7 22. Qc5 a4 23. Rhe1 Ra5 24. Qe3 Rd8 25. Bd3 d4 26. Qd2 Ba6 27. c3 Bxd3 28. Qxd3 c5 29. cxd4 cxd4+ 30. Kb1 Qb6 31. Qc4 e5 32. Re2 Rb8 33. f4 Rb5 34. Rdd2 exf4 35. gxf4 Rb3 36. Qxd4 Rxa3 37. Qxb6 Rxb6 38. f5 Rab3 39. Ka2 Rf3 40. Rd4 Ra6 41. Rd8+ Kh7 42. Rd7 a3 43. b4 Rb6 44. Rxf7 Rxb4 45. Rg2 Rb2+ 46. Rxb2 axb2 47. Kxb2 Kg8 48. Re7 Re3 49. Re6 Kf7 50. h4 g6 1/2-1/2

[Event "St Petersburg Korchnoi Memorial op"]
[Site "St Petersburg"]
[Date "2019.08.19"]
[Round "6"]
[White "Stupak, Kirill"]
[Black "Borisovsky, Dmitry"]
[Result "0-1"]
[WhiteElo "2561"]
[BlackElo "2326"]
[PlyCount "46"]
[EventDate "2019.08.14"]
[EventType "swiss"]
[EventRounds "9"]
[EventCountry "RUS"]
[SourceTitle "CBM 192"]
[Source "ChessBase"]
[SourceDate "2019.10.31"]
[SourceVersion "1"]
[SourceVersionDate "2019.10.31"]
[SourceQuality "1"]

1. d4 Nf6 2. c4 g6 3. Nc3 d5 4. Nf3 Bg7 5. cxd5 Nxd5 6. Na4 0-0 7. e4 Nb6 8. Be3 Nc6 9. Nc5 f5 10. Qb3+ e6 11. Rd1 f4 12. Bc1 Qe7 13. Qc3 e5 14. d5 Nd4 15. Be2 Nd7 16. Nb3 Nxe2 17. Kxe2 Nf6 18. Nfd2 b6 19. f3 Ba6+ 20. Kf2 Nxd5 21. exd5 e4 22. Qc6 e3+ 23. Kg1 e2 0-1

[Event "St Petersburg Korchnoi Memorial op"]
[Site "St Petersburg"]
[Date "2019.08.17"]
[Round "4"]
[White "Ponomarev, Denis1"]
[Black "Borisovsky, Dmitry"]
[Result "0-1"]
[WhiteElo "1883"]
[BlackElo "2326"]
[PlyCount "60"]
[EventDate "2019.08.14"]
[EventType "swiss"]
[EventRounds "9"]
[EventCountry "RUS"]
[SourceTitle "CBM 192"]
[Source "ChessBase"]
[SourceDate "2019.10.31"]
[SourceVersion "1"]
[SourceVersionDate "2019.10.31"]
[SourceQuality "1"]

1. e4 c5 2. Nf3 d6 3. d4 cxd4 4. Nxd4 Nf6 5. Nc3 Nc6 6. Be2 e5 7. Nf3 h6 8. 0-0 Be7 9. h3 0-0 10. Re1 Be6 11. Bf1 Rc8 12. Nd5 Bxd5 13. exd5 Nb8 14. c4 Nh7 15. b4 Nd7 16. Bb2 Ng5 17. Rc1 b6 18. Nd2 f5 19. Nb3 Nf7 20. f4 Bh4 21. Re2 Bg3 22. fxe5 Nfxe5 23. Nd4 Qh4 24. Ne6 Rf6 25. Qd4 f4 26. Re4 Rg6 27. Be2 Nf6 28. Rxe5 dxe5 29. Qxe5 f3 30. Qf5 Bf2+ 0-1

[Event "St Petersburg Korchnoi Memorial op"]
[Site "St Petersburg"]
[Date "2019.08.14"]
[Round "1"]
[White "Borisovsky, Dmitry"]
[Black "Krukovsky, Alexander"]
[Result "1-0"]
[WhiteElo "2326"]
[BlackElo "1981"]
[PlyCount "69"]
[EventDate "2019.08.14"]
[EventType "swiss"]
[EventRounds "9"]
[EventCountry "RUS"]
[SourceTitle "CBM 192"]
[Source "ChessBase"]
[SourceDate "2019.10.31"]
[SourceVersion "1"]
[SourceVersionDate "2019.10.31"]
[SourceQuality "1"]

1. e4 c5 2. Nf3 d6 3. d4 cxd4 4. Nxd4 Nf6 5. Nc3 a6 6. Be2 e5 7. Nb3 Be7 8. 0-0 0-0 9. Re1 Be6 10. Bf3 Nbd7 11. a4 Rc8 12. Nd2 Qc7 13. Nf1 Nb6 14. Ne3 Rfd8 15. a5 Nc4 16. Ned5 Nxd5 17. Nxd5 Bxd5 18. Qxd5 b5 19. axb6 Qxb6 20. b3 Rc5 21. Qd1 Ra5 22. Rxa5 Nxa5 23. Be3 Qb7 24. Qd5 Nc6 25. Be2 Ra8 26. Bc4 Bf8 27. Ra1 g6 28. h3 h5 29. c3 Kg7 30. Kh2 Kg8 31. b4 Kg7 32. b5 axb5 33. Rxa8 bxc4 34. Ra7 Nxa7 35. Qxb7 1-0

[Event "Riga Tech op-A"]
[Site "Riga"]
[Date "2019.08.07"]
[Round "4"]
[White "Stremavicius, Titas"]
[Black "Borisovsky, Dmitry"]
[Result "1-0"]
[WhiteElo "2490"]
[BlackElo "2326"]
[PlyCount "149"]
[EventDate "2019.08.05"]
[EventType "swiss"]
[EventRounds "9"]
[EventCountry "LAT"]
[SourceTitle "CBM 191 Extra"]
[Source "ChessBase"]
[SourceDate "2019.09.30"]
[SourceVersion "1"]
[SourceVersionDate "2019.09.30"]
[SourceQuality "1"]

1. c4 Nf6 2. Nf3 c5 3. g3 d5 4. cxd5 Nxd5 5. b3 Nc6 6. Bb2 f6 7. d3 e5 8. Nbd2 Be6 9. Rc1 Qd7 10. a3 Be7 11. Bg2 0-0 12. 0-0 Rac8 13. Ne4 Na5 14. Nfd2 b5 15. Nc3 Nb6 16. a4 b4 17. Ncb1 Rfd8 18. Qc2 Nc6 19. Rfe1 Nd4 20. Qd1 Qe8 21. a5 Nd5 22. Nc4 Qh5 23. Nbd2 Nb5 24. Bf3 Qg6 25. Nf1 Ndc3 26. Bxc3 Nxc3 27. Qc2 Rd4 28. a6 Qe8 29. Ra1 Bd8 30. Nfd2 Bc7 31. Ne4 Nxe4 32. Bxe4 f5 33. Bb7 Rcd8 34. Na5 Bd7 35. e3 Rg4 36. Qxc5 Bb6 37. Qc2 Bb5 38. Nc4 Bc7 39. d4 exd4 40. Qxf5 Bd7 41. Qc5 Bb8 42. exd4 Qf8 43. Ne5 Qxc5 44. dxc5 Rd4 45. Nf3 Rd3 46. Be4 Rc3 47. Bd5+ Kf8 48. Ng5 Bf5 49. Be4 h6 50. Bxf5 hxg5 51. Rac1 Rxb3 52. Rcd1 Bc7 53. Bd7 Rf3 54. Kg2 Rf7 55. c6 Re7 56. Rxe7 Kxe7 57. Kf3 Rf8+ 58. Ke2 Bb6 59. f3 Rf6 60. Rb1 Ba5 61. Ke3 Kd6 62. Ke4 Kc7 63. f4 gxf4 64. gxf4 Kb6 65. Rg1 Rf7 66. Rg5 b3 67. Rg3 Kxa6 68. Rxb3 Bc7 69. f5 Bxh2 70. Kd5 Re7 71. Be6 Bc7 72. Kc5 Bb6+ 73. Kd6 Re8 74. c7 Kb7 75. Kd7 1-0

[Event "Riga Tech op-A"]
[Site "Riga"]
[Date "2019.08.06"]
[Round "3"]
[White "Borisovsky, Dmitry"]
[Black "Stany, George Anthony"]
[Result "1/2-1/2"]
[WhiteElo "2326"]
[BlackElo "2525"]
[PlyCount "108"]
[EventDate "2019.08.05"]
[EventType "swiss"]
[EventRounds "9"]
[EventCountry "LAT"]
[SourceTitle "CBM 191 Extra"]
[Source "ChessBase"]
[SourceDate "2019.09.30"]
[SourceVersion "1"]
[SourceVersionDate "2019.09.30"]
[SourceQuality "1"]

1. e4 g6 2. d4 Bg7 3. Nc3 d6 4. f4 Nf6 5. Nf3 0-0 6. Be2 c5 7. dxc5 Qa5 8. Nd2 Qxc5 9. g4 Nc6 10. Nb3 Qb6 11. g5 Nd7 12. Nd5 Qd8 13. 0-0 Nc5 14. Nxc5 dxc5 15. c3 b6 16. Qe1 f6 17. gxf6 exf6 18. Bc4 Kh8 19. Ne3 Ne7 20. Qh4 Bb7 21. f5 gxf5 22. exf5 Qd6 23. Be6 Rad8 24. Qh3 Nc6 25. Nc4 Qe7 26. Bf4 Ne5 27. Nxe5 fxe5 28. Bg3 c4 29. f6 Bxf6 30. Bf5 Rf7 31. Rae1 Qc5+ 32. Rf2 Rd2 33. Kf1 Rxf2+ 34. Bxf2 Qf8 35. Be6 Rg7 36. Ke2 b5 37. Rg1 Rxg1 38. Bxg1 a6 39. Bf5 Qe7 40. Bc5 Qf7 41. Be3 Bd5 42. Qg4 Bb7 43. Be6 Qg7 44. Bh6 Qg6 45. Qxg6 hxg6 46. a4 Bc6 47. Bc8 a5 48. axb5 Bxb5 49. Be6 Be7 50. Kf3 Kh7 51. Bc1 Kg7 52. Ke4 Kf6 53. Bd5 Bc5 54. h4 Bd6 1/2-1/2

[Event "Chigorin Memorial 26th"]
[Site "St Petersburg"]
[Date "2018.10.27"]
[Round "1"]
[White "Borisovsky, Dmitry"]
[Black "Klevets, Ksenia"]
[Result "1-0"]
[WhiteElo "2304"]
[BlackElo "1834"]
[PlyCount "73"]
[EventDate "2018.10.27"]
[EventType "swiss"]
[EventRounds "9"]
[EventCountry "RUS"]
[SourceTitle "CBM 187 Extra"]
[Source "ChessBase"]
[SourceDate "2018.11.04"]
[SourceVersion "1"]
[SourceVersionDate "2018.11.04"]
[SourceQuality "1"]

1. e4 c5 2. Nf3 Nc6 3. d4 cxd4 4. Nxd4 g6 5. Nc3 Bg7 6. Be3 Nf6 7. Bc4 Na5 8. Be2 d6 9. f3 0-0 10. Qd2 Bd7 11. g4 Rc8 12. 0-0-0 Nc4 13. Bxc4 Rxc4 14. Kb1 b5 15. b3 Rc8 16. Ndxb5 a6 17. Nd4 Qc7 18. Nde2 a5 19. g5 Nh5 20. Nd5 Qd8 21. Bb6 Qe8 22. Nc7 Rxc7 23. Bxc7 a4 24. Bb6 axb3 25. cxb3 Qa8 26. Bd4 Qa6 27. Bxg7 Nxg7 28. Nc3 Be6 29. Rc1 Ra8 30. Nd5 Bxd5 31. exd5 Nf5 32. Rc6 Qa5 33. Rc8+ Kg7 34. Qb2+ f6 35. gxf6+ exf6 36. Rxa8 Qxa8 37. Qd2 1-0

[Event "St Petersburg Korchnoi Memorial op"]
[Site "St Petersburg"]
[Date "2018.08.23"]
[Round "9"]
[White "Borisovsky, Dmitry"]
[Black "Shoker, Samy"]
[Result "1/2-1/2"]
[WhiteElo "2297"]
[BlackElo "2482"]
[PlyCount "166"]
[EventDate "2018.08.15"]
[EventType "swiss"]
[EventRounds "9"]
[EventCountry "RUS"]
[SourceTitle "CBM 186 Extra"]
[Source "ChessBase"]
[SourceDate "2018.08.24"]
[SourceVersion "1"]
[SourceVersionDate "2018.08.24"]
[SourceQuality "1"]

1. e4 g6 2. d4 Bg7 3. Nc3 d6 4. f4 Nc6 5. Be3 Nh6 6. Nf3 Ng4 7. Bg1 a6 8. h3 Nf6 9. g4 e6 10. Bg2 Ne7 11. a4 b6 12. Qe2 Bb7 13. Bf2 b5 14. Bh4 b4 15. Bxf6 Bxf6 16. Nd1 Bg7 17. Nf2 0-0 18. 0-0 a5 19. Qe3 Qc8 20. Nd3 Ra6 21. c4 bxc3 22. bxc3 Rb6 23. Nd2 Ba6 24. f5 exf5 25. exf5 gxf5 26. Qxe7 Bxd3 27. Rf3 Bc2 28. gxf5 Bxf5 29. Raf1 Bg6 30. Nc4 Rc6 31. Nxa5 Rxc3 32. Qh4 Rxf3 33. Bxf3 Qa6 34. Nc6 Qxa4 35. Bd5 Kh8 36. Rf4 Qd1+ 37. Kg2 Qd2+ 38. Rf2 Qh6 39. Qxh6 Bxh6 40. Ne7 Bg7 41. Nxg6+ fxg6 42. Rxf8+ Bxf8 43. Bc6 Kg7 44. Kf3 Kf6 45. d5 Kg5 46. Be8 Bg7 47. Bc6 Bc3 48. Bd7 Ba5 49. Bc8 Kf6 50. Ke4 Be1 51. Bd7 Ke7 52. Bg4 Kf6 53. Bd7 Kg5 54. Bc8 Kh4 55. Kf3 Bc3 56. Bd7 Ba5 57. Be6 Kg5 58. Ke4 Bb6 59. Bd7 Kf6 60. Bc8 Ba5 61. Bd7 Ke7 62. Bg4 Bc3 63. Bc8 Be5 64. Bg4 Kf6 65. Bd7 Ke7 66. Bc8 h5 67. Kf3 g5 68. Ke4 Kf6 69. Bd7 Bg3 70. Bc8 Bh2 71. Bd7 Bg1 72. Be8 g4 73. h4 g3 74. Bxh5 Bd4 75. Bf3 Be5 76. Bg2 Kg6 77. Bf3 Kh6 78. Ke3 Kg6 79. Ke4 Kf6 80. Bg2 Kg6 81. Bf3 Kh6 82. Ke3 Bf6 83. Kf4 Bxh4 1/2-1/2

[Event "St Petersburg Korchnoi Memorial op"]
[Site "St Petersburg"]
[Date "2018.08.19"]
[Round "5"]
[White "Triapishko, Alexandr"]
[Black "Borisovsky, Dmitry"]
[Result "1-0"]
[WhiteElo "2502"]
[BlackElo "2297"]
[PlyCount "101"]
[EventDate "2018.08.15"]
[EventType "swiss"]
[EventRounds "9"]
[EventCountry "RUS"]
[SourceTitle "CBM 186 Extra"]
[Source "ChessBase"]
[SourceDate "2018.08.24"]
[SourceVersion "1"]
[SourceVersionDate "2018.08.24"]
[SourceQuality "1"]

1. e4 c5 2. Nf3 Nc6 3. Nc3 d6 4. d4 cxd4 5. Nxd4 Nf6 6. Bg5 e6 7. Qd2 a6 8. 0-0-0 Bd7 9. f4 b5 10. Bxf6 gxf6 11. Kb1 Qb6 12. Nf3 b4 13. Ne2 Qc5 14. Ng3 Be7 15. e5 d5 16. Nh5 fxe5 17. fxe5 a5 18. Qf4 Rf8 19. Rc1 a4 20. c4 bxc3 21. Rxc3 Qb4 22. Nf6+ Bxf6 23. Qxb4 Nxb4 24. exf6 Rc8 25. Rxc8+ Bxc8 26. a3 Nc6 27. Bb5 Bd7 28. Bxc6 Bxc6 29. Rc1 Bd7 30. Ne5 Kd8 31. g4 h5 32. g5 h4 33. Kc2 Be8 34. Kd3 h3 35. Ke3 Rh8 36. g6 Rh5 37. g7 Rxe5+ 38. Kf4 Rf5+ 39. Kg4 Rxf6 40. g8Q Rg6+ 41. Qxg6 fxg6 42. Kf4 g5+ 43. Ke5 Bg6 44. Rg1 Bf5 45. Rxg5 Kc7 46. Rh5 Kc6 47. Rh4 Kb5 48. Rb4+ Ka5 49. Kd6 Be4 50. Kxe6 Bg2 51. Kd6 1-0

[Event "St Petersburg Korchnoi Memorial op"]
[Site "St Petersburg"]
[Date "2018.08.18"]
[Round "4"]
[White "Borisovsky, Dmitry"]
[Black "Zemnitskiy, Alexander"]
[Result "1-0"]
[WhiteElo "2297"]
[BlackElo "2069"]
[PlyCount "59"]
[EventDate "2018.08.15"]
[EventType "swiss"]
[EventRounds "9"]
[EventCountry "RUS"]
[SourceTitle "CBM 186 Extra"]
[Source "ChessBase"]
[SourceDate "2018.08.24"]
[SourceVersion "1"]
[SourceVersionDate "2018.08.24"]
[SourceQuality "1"]

1. e4 c5 2. Nf3 e6 3. d4 cxd4 4. Nxd4 Nc6 5. Nb5 d6 6. c4 a6 7. N5c3 Nf6 8. Be2 Be7 9. 0-0 0-0 10. Be3 Qc7 11. Nd2 b6 12. Rc1 Bb7 13. f4 Rac8 14. g4 Nd7 15. g5 Qb8 16. Qe1 Rfe8 17. Rf3 e5 18. f5 Nd4 19. Rh3 Bd8 20. Bh5 Nf8 21. Qh4 b5 22. Rf1 Rc7 23. f6 Bc8 24. fxg7 Kxg7 25. Nd5 Be6 26. Nf6 Bxf6 27. gxf6+ Kh8 28. Qg5 Ng6 29. Qh6 Rg8 30. Qxh7+ 1-0

[Event "Riga Tech op 8th"]
[Site "Riga"]
[Date "2018.08.07"]
[Round "2"]
[White "Thybo, Jesper Sondergaard"]
[Black "Borisovsky, Dmitry"]
[Result "1-0"]
[WhiteElo "2496"]
[BlackElo "2297"]
[PlyCount "99"]
[EventDate "2018.08.06"]
[EventType "swiss"]
[EventRounds "9"]
[EventCountry "LAT"]
[SourceTitle "CBM 185 Extra"]
[Source "ChessBase"]
[SourceDate "2018.07.29"]
[SourceVersion "1"]
[SourceVersionDate "2018.07.29"]
[SourceQuality "1"]

1. Nf3 Nf6 2. c4 g6 3. Nc3 d5 4. cxd5 Nxd5 5. h4 Bg7 6. e4 Nxc3 7. dxc3 Qxd1+ 8. Kxd1 Nd7 9. Nd4 c5 10. Nb3 b6 11. f3 Bb7 12. Kc2 0-0-0 13. a4 Ne5 14. a5 f5 15. exf5 gxf5 16. Bg5 h6 17. Be3 Rd5 18. axb6 axb6 19. h5 Rhd8 20. Nd2 Nc6 21. Nc4 Kc7 22. Na3 e5 23. Bc4 R5d7 24. Be6 Rd3 25. Rae1 f4 26. Bc1 Ba6 27. Bf5 R3d6 28. g3 fxg3 29. Rhg1 b5 30. Rxg3 Bf8 31. Nb1 b4 32. Be3 c4 33. Nd2 Bb5 34. Ra1 Rf6 35. Be4 bxc3 36. bxc3 Rfd6 37. Rg4 Rb8 38. Rg6 Rxg6 39. hxg6 h5 40. Bd5 Rd8 41. Bf7 Bg7 42. Nxc4 Bxc4 43. Bxc4 h4 44. Rb1 Rh8 45. f4 h3 46. Bd5 h2 47. Bb6+ Kd7 48. Bc5 Rc8 49. f5 Nd8 50. Bb4 1-0

[Event "St Petersburg IM2"]
[Site "St Petersburg"]
[Date "2017.11.04"]
[Round "5"]
[White "Borisovsky, Dmitry"]
[Black "Shchukin, Dmitry"]
[Result "1/2-1/2"]
[WhiteElo "2304"]
[BlackElo "2294"]
[PlyCount "69"]
[EventDate "2017.10.31"]
[EventType "tourn"]
[EventRounds "9"]
[EventCountry "RUS"]
[EventCategory "3"]
[SourceTitle "CBM 181 Extra"]
[Source "ChessBase"]
[SourceDate "2017.12.12"]
[SourceVersion "1"]
[SourceVersionDate "2017.12.12"]
[SourceQuality "1"]

1. e4 c5 2. Nf3 e6 3. d4 cxd4 4. Nxd4 Nf6 5. Nc3 Nc6 6. Ndb5 Bb4 7. a3 Bxc3+ 8. Nxc3 d5 9. exd5 exd5 10. Bd3 0-0 11. 0-0 d4 12. Ne2 Qd5 13. Nf4 Qd6 14. Nh5 Nxh5 15. Qxh5 h6 16. f4 Bd7 17. f5 Ne5 18. f6 Nxd3 19. cxd3 Qe6 20. h3 Bc6 21. Bd2 Rae8 22. fxg7 Kxg7 23. Bb4 Rg8 24. Rae1 Qg6 25. Qxg6+ Kxg6 26. Bc5 a6 27. Rxe8 Rxe8 28. Bxd4 f5 29. Kf2 Rd8 30. Ke3 Re8+ 31. Kd2 Rd8 32. Kc3 Rc8 33. Kd2 Rd8 34. Kc3 Rc8 35. Kd2 1/2-1/2